| 000 | 01070cam a2200277 i 4500 | ||
|---|---|---|---|
| 003 | SA-RiAUC | ||
| 005 | 20251022083215.0 | ||
| 008 | 251008s1993 ||| g 00010 ara c | ||
| 020 | _a9960738884 | ||
| 040 |
_aSA-JeALM _bara _cSA-RiAUC _erda |
||
| 082 | 0 | 4 |
_a213 _qSA-RiAUC |
| 090 |
_a213 _bد ا غ |
||
| 100 | 1 |
_aداغستاني، عبد الحميد جعفر. _eمؤلف. |
|
| 245 | 1 | 0 |
_aخطب الجمعة / _cعبد الحميد جعفر داغستاني. |
| 250 | _aالطبعة الأولى. | ||
| 264 | 1 |
_a[مكان النشر غير محدد] : _b[الناشر غير محدد]، _c1993 |
|
| 300 |
_a333 صفحة ؛ _c24 سم |
||
| 336 |
_aنص _btxt _2rdacontent _3كتاب |
||
| 337 |
_aبدون وسيط _bn _2rdamedia |
||
| 338 |
_aمجلد _bnc _2rdacarrier |
||
| 500 | _aإهداء من المؤلف عبد الحميد جعفر داغستاني بتاريخ 1422/1/17 هـ | ||
| 650 | 7 |
_aخطبة الجمعة _2aucsh |
|
| 650 | 7 |
_aالإسلام _vمتفرقات _2aucsh |
|
| 942 |
_2ddc _cBOOK _n0 |
||
| 949 |
_aSA-JeALM _d251008 _umohamedma123 _n1 |
||
| 999 |
_c12708 _d12708 |
||